000 01511cam a2200409 a 4500
001 8153
003 FISKH
005 20250829081554.0
008 000713s2001 nyua b 000 1 eng
010 _a 00059467
020 _a0439213606
020 _a9780439213608
040 _aDLC
_cDLC
_dDLC
_beng
050 _aPZ7.W436353 C
082 _a 813.6
100 1 _aWeinberger, Kimberly.
245 1 0 _aClifford the big red dog :
_bthe stormy day rescue /
_cadapted by Kimberly Weinberger ; illustrated by Del and Dana Thompson.
260 _aNew York :
_bScholastic,
_c2001.
300 _a24 pages :
_bcolor illustrations ;
_c16 cm
336 _atext
_btxt
_2rdacontent
337 _aunmediated
_bn
_2rdamedia
338 _avolume
_bnc
_2rdacarrier
440 0 _aBig red reader
500 _a"From the television script 'Stormy weather' by Bruce Talkington and Dev Ross; based upon the storybook character by Norman Bridwell."
505 _aJ
520 _aClifford is in trouble all over town for his digging, but when a storm threatens the library, he may be the only one who can save it.
521 8 _a440
_bLexile
521 8 _aJ
_bRaz-Plus
650 1 _aDogs
_vFiction.
650 1 _aStorms
_vFiction.
655 7 _aFiction.
_2lcgft
_0https://id.loc.gov/authorities/genreForms/gf2014026339
700 1 _aThompson, Dana,
_eillustrator
700 1 _aThompson, Del,
_eillustrator
906 _a7
_bcbc
_corignew
_d1
_eocip
_f20
_gy-gencatlg
942 _2ddc
_cBK
_n0
999 _c8153
_d8153